| 000 | 01373nam0a2200325 4500 | ||
|---|---|---|---|
| 001 | RU\NLR\bibl\61821 | ||
| 005 | 20250616091834.0 | ||
| 010 |
_a5-7442-0574-8 _9250 |
||
| 021 |
_aRU _b99-35062 _91724 |
||
| 035 | _a(NLR Aleph) 000060317 | ||
| 090 |
_a328218 _c328218 |
||
| 100 | _a19991202d1998 |||y0rusy50 ca | ||
| 101 | 0 |
_arus _erus _eeng |
|
| 102 | _aRU | ||
| 105 | _aa z ||||| | ||
| 200 | 1 |
_aОсновы минералопользования _dBases of mineral use _fГ.В. Секисов _gРос. акад. наук. Дальневост. отд-ние, Ин-т горн. дела, Междунар. акад. минер. ресурсов. Дальневост. отд-ние |
|
| 210 |
_aВладивосток _cДальнаука _d1998 |
||
| 215 |
_a280,[8] с. _cил. _d20 |
||
| 300 | _aАвт. также на англ. яз.: G.V. Sekisov | ||
| 320 | _aБиблиогр.: с. 274-280 | ||
| 510 | 0 |
_aBases of mineral use _zeng |
|
| 606 | 0 |
_aМинеральное сырье _xИспользование комплексное _91669253 _3RU\NLR\auth\66740172 |
|
| 686 | _aД450.8 | ||
| 700 | 1 |
_aСекисов _bГ. В. _gГеннадий Валентинович _4070 |
|
| 801 | 0 |
_aRU _bNLR _c19991202 _gPSBO |
|
| 801 | 1 |
_aRU _bNLR _c19991202 |
|
| 852 |
_aNLR _j99-3/15315 |
||
| 942 | _cBOOK | ||
| 980 | _aNB | ||